Tom Brady or Peyton Manning? - Statistics

General Stats
  • This quiz has been taken 4,136 times
  • The average score is 10 of 20
Answer Stats
Question Answer % Correct
Most wins at home by a quarterback Tom Brady
85%
Most post season touchdowns Tom Brady
74%
Most wins on the road by a quarterback Tom Brady
73%
Most passing yards in a single Super Bowl Tom Brady
73%
Oldest quarterback to lead the league in passing yards Tom Brady
72%
Most consecutive completions in a Super Bowl Tom Brady
69%
Most interceptions thrown as a rookie Peyton Manning
66%
One of eight quarterbacks with 7 touchdowns in a game Peyton Manning
55%
Most career games with a completion % of 70% or higher Peyton Manning
47%
Most post season interceptions Tom Brady
46%
Best touchdown to interception ratio in a season Tom Brady
45%
Most NFL MVP awards Peyton Manning
42%
Only quarterback to have three consecutive games with 300+ passing yards, 3+ touchdowns and 0 interceptions Tom Brady
42%
Most completions and attempts in a single post season Peyton Manning
41%
First quarterback to reach 200 career wins Peyton Manning
41%
First quarterback to defeat all 31 other teams Peyton Manning
37%
Led the biggest comeback in conference championship history Peyton Manning
33%
One of only 2 quarterbacks to complete 80% of their passes in two post season games Peyton Manning
32%
Most consecutive regular season wins as a starter Peyton Manning
20%
Only quarterback with 7 straight seasons of 12+ wins as a starter Peyton Manning
18%
No matching quizzes found
Score Distribution
Percent of People with Each Score
Percentile by Number Answered
Your Score History
You have not taken this quiz